000 00893nam a2200253 i 4500
001 42578
003 ES-MaACL
005 20250825092909.0
007 t|
008 030407s2002 sp ||||1| spa d
020 _a84-7635-551-1
080 _a82.07
245 0 0 _aNuevas perspectivas en semiología literaria /
_cM. C. Bobes Naves... [et al.] ; introducción, compilación de textos y bibliografía, Jesús G. Maestro.
260 _aMadrid :
_bArco/Libros,
_c[2002]
300 _a291 p. ;
_c21 cm.
490 1 _aBibliotheca Philologica. Serie Lecturas
504 _aBibliografía: p. [271]-291.
650 7 _aSemiótica y literatura
_2embne
_917043
700 1 _aBobes Naves, María del Carmen.
_929647
700 1 _aMaestro, Jesús G.
_975408
830 0 0 _aBibliotheca philologica.
_pSerie lecturas
_9229829
852 _aES-MaACL
_jL-26212
999 _c42578
_d42578